| 000 | 00407nam a2200157Ia 4500 | ||
|---|---|---|---|
| 008 | 230312s9999||||xx |||||||||||||| ||und|| | ||
| 020 | _a81-8431-080-1 | ||
| 082 |
_a629.8 _bBAK-M |
||
| 100 | _aBakshi,U.A | ||
| 245 | 0 | _aModerncontrol systems | |
| 260 |
_bTechnical Publications Pune _aIndia _c2007 |
||
| 300 | _a8-19 | ||
| 546 | _aEng. | ||
| 650 |
_aEngineering _vControllers,Nonlinear Systems |
||
| 942 | _cBK | ||
| 999 |
_c1256 _d1256 |
||